| 000 | 00726nam a22002417a 4500 | ||
|---|---|---|---|
| 005 | 20170124110206.0 | ||
| 010 | _aA-806130 | ||
| 020 |
_c37.00 _a8123714939 |
||
| 035 | _aA-806130 | ||
| 037 | _bCen Lib/Ret | ||
| 040 |
_aDPL _bEN |
||
| 082 |
_a011.64 _bPAV |
||
| 100 |
_aPavate, K.D. _936085 |
||
| 245 |
_aThe wonder chip / _cby K.D. Pavate;illustrated by Pabitra Ghosh |
||
| 260 |
_aNew Delhi _bNational Book Trust India _c1995 |
||
| 270 |
_aA-5, Green Park _bNew Delhi _e110016 |
||
| 300 |
_axii,104p. : _c20cm(Hb) _bill. |
||
| 500 | _aIncludes glossary | ||
| 650 |
_aChip Wonder _937261 |
||
| 650 |
_aSelf-acceptance _937262 |
||
| 700 |
_aGhosh, Pabitra _937263 |
||
| 942 |
_2ddc _cEN _h001.64 _mPAV |
||
| 999 |
_c133227 _d133227 |
||